000 00472nam a2200181Ia 4500
008 230917s9999||||xx |||||||||||||| ||und||
020 _cRS 1550.00
040 _e5005411
_aMAIN
041 _aEnglish
082 _a642.5 C836F(10)
100 _aCousins, John
245 0 _aFood and beverage service
250 _a10th ed.
260 _aOxon
_bHodder Education
_c2020
300 _axii, 407 p.
500 _a4501 25/01/2022 IF22/1073 27/01/2022 IHTM (SFS)
942 _cBK
999 _c5178
_d5178